[Event "Spanish Championship"]
[Site "Las Palmas Gran Canaria"]
[Date "2017.09.30"]
[Round "2"]
[White "Collado Barbas, Laura"]
[Black "Suarez Uriel, Adrian"]
[Result "1-0"]
[WhiteTitle "WFM"]
[BlackTitle "FM"]
[WhiteElo "2097"]
[BlackElo "2406"]
[Board "24"]
[WhiteCountry "ESP"]
[WhiteFideId "2294907"]
[WhiteEloChange "17"]
[BlackCountry "ESP"]
[BlackFideId "22230874"]
[BlackEloChange "-9"]

1. d4 Nf6 2. c4 g6 3. Nc3 d5 4. Nf3 Bg7 5. Qb3 dxc4 6. Qxc4 O-O 7. e4 a6 8.
Bf4 b5 9. Qxc7 Qxc7 10. Bxc7 Bb7 11. e5 Nd5 12. Nxd5 Bxd5 13. Be2 Rc8 14.
Bb6 Rc2 15. b3 Nd7 16. Ba5 Rac8 17. Bd3 Rxa2 18. Rxa2 Rc1+ 19. Ke2 Rxh1 20.
Be1 Nb8 21. Bb4 Bxb3 22. Ra3 Bd1+ 23. Ke3 Nc6 24. Bc5 Ba4 25. Be4 Bh6+ 26.
Kd3 Rd1+ 27. Ke2 Rc1 28. Bxc6 Bd1+ 29. Kd3 Bc2+ 30. Ke2 b4 31. Rxa6 Bd1+
32. Kd3 Rc3+ 33. Ke4 Bc2+ 34. Kd5 Bf8 35. e6 f5 36. Nd2 b3 37. Rb6 Rd3 38.
Nc4 Rc3 39. f3 Bd3 40. Ne5 Bf1 41. Rb8 Kg7 42. Ba4 Bxg2 43. Rxb3 Rc1 44.
Rb8 g5 45. Rb2 Bh1 46. Rf2 g4 47. Bc2 gxf3 48. Bxf5 Kf6 49. Be4 Bh6 50.
Bxf3 1-0

[Event "Spanish Championship"]
[Site "Las Palmas Gran Canaria"]
[Date "2017.10.01"]
[Round "3"]
[White "Cruz Lledo, Pablo"]
[Black "Anton Guijarro, David"]
[Result "0-1"]
[WhiteTitle "IM"]
[BlackTitle "GM"]
[WhiteElo "2432"]
[BlackElo "2656"]
[Board "1"]
[WhiteCountry "ESP"]
[WhiteFideId "2297361"]
[WhiteEloChange "-2"]
[BlackCountry "ESP"]
[BlackFideId "2285525"]
[BlackEloChange "2"]
[WhiteClock "00:03:08"]
[BlackClock "00:23:04"]

1. d4 Nf6 2. c4 e6 3. Nc3 Bb4 4. Qc2 O-O 5. e4 d6 6. a3 Bxc3+ 7. bxc3 e5 8.
Bd3 Nc6 9. Ne2 Nh5 10. h4 Ne7 11. f3 f5 12. exf5 Bxf5 13. Bxf5 Nxf5 14. Bg5
Qe8 15. O-O-O h6 16. g4 Nfg3 17. Rhg1 Nxe2+ 18. Qxe2 Nf4 19. Bxf4 Rxf4 20.
dxe5 Qxe5 21. Qxe5 dxe5 22. g5 h5 23. Kc2 Kh7 24. Rge1 Rxh4 25. Rxe5 Rxc4
26. Rh1 Kg6 27. Re6+ Kf5 28. Re7 g6 29. Rg1 Rf8 30. Kd3 b5 31. f4 a6 32.
Re5+ Kxf4 33. Re6 Rd8+ 34. Kc2 Rd6 35. Rf6+ Ke5 36. Re1+ Re4 0-1

[Event "Spanish Championship"]
[Site "Las Palmas Gran Canaria"]
[Date "2017.10.01"]
[Round "3"]
[White "Salgado Lopez, Ivan"]
[Black "Garza Marco, Sergio"]
[Result "1-0"]
[WhiteTitle "GM"]
[BlackTitle "IM"]
[WhiteElo "2627"]
[BlackElo "2409"]
[Board "2"]
[WhiteCountry "ESP"]
[WhiteFideId "2257327"]
[WhiteEloChange "2"]
[BlackCountry "ESP"]
[BlackFideId "2210177"]
[BlackEloChange "-2"]
[WhiteClock "00:07:50"]
[BlackClock "00:05:53"]

1. e4 c6 2. d4 d5 3. e5 Bf5 4. Nd2 e6 5. Nb3 c5 6. Nf3 c4 7. Nbd2 Nc6 8. c3
b5 9. Be2 h6 10. Nf1 Nge7 11. Ng3 Bh7 12. O-O Nf5 13. Nh5 Bg6 14. Ne1 Be7
15. Nc2 O-O 16. g4 Bxh5 17. gxh5 f6 18. f4 fxe5 19. fxe5 Bg5 20. Bg4 Bxc1
21. Qxc1 Qh4 22. Qf4 Nce7 23. Be2 Qg5+ 24. Kh1 Qxf4 25. Rxf4 Kh7 26. Bg4 a5
27. a3 Rab8 28. Re1 Rb6 29. Kg1 Kg8 30. Ref1 Rfb8 31. R1f2 Ra8 32. Kf1 Rab8
33. Ke1 Kh7 34. Kd2 Kg8 35. Rf1 Kh7 36. Rb1 Rg8 37. b4 a4 38. Ne3 Nxe3 39.
Kxe3 Re8 40. Rg1 Kg8 41. Bh3 Nf5+ 42. Bxf5 exf5 43. Rxf5 Rbe6 44. Kf4 R8e7
45. Rf6 Rf7 46. Rxf7 Kxf7 47. Kf5 1-0

[Event "Spanish Championship"]
[Site "Las Palmas Gran Canaria"]
[Date "2017.10.01"]
[Round "3"]
[White "Vazquez Igarza, Renier"]
[Black "Vega Gutierrez, Sabrina"]
[Result "1/2-1/2"]
[WhiteTitle "GM"]
[BlackTitle "IM"]
[WhiteElo "2578"]
[BlackElo "2373"]
[Board "3"]
[WhiteCountry "ESP"]
[WhiteFideId "3503054"]
[WhiteEloChange "-3"]
[BlackCountry "ESP"]
[BlackFideId "2219026"]
[BlackEloChange "5"]

1. d4 d5 2. c4 e6 3. Nc3 c6 4. e4 dxe4 5. Nxe4 Bb4+ 6. Bd2 Qxd4 7. Bxb4
Qxe4+ 8. Be2 Na6 9. Ba5 b6 10. Qd6 bxa5 11. Rd1 f6 12. f3 Qe3 13. Qxc6+ Kf7
14. Qxa8 Ne7 15. Qe4 Qb6 16. Qc2 e5 17. Qb3 Qxb3 18. axb3 Be6 19. Ra1 Nc6
20. Bd1 Nc5 21. Ne2 Rb8 22. Nc3 Nxb3 23. Bxb3 Rxb3 24. Ne4 Rxb2 25. O-O Ke7
26. c5 Bb3 27. Rf2 Rxf2 28. Kxf2 Ke6 29. Nc3 a4 30. Ke3 Nb4 31. Kd2 Nc2 32.
Rc1 Nd4 33. Ra1 Nc2 34. Rc1 Nd4 1/2-1/2

[Event "Spanish Championship"]
[Site "Las Palmas Gran Canaria"]
[Date "2017.10.01"]
[Round "3"]
[White "Martin Duque, Jesus"]
[Black "Ibarra Jerez, Jose Carlos"]
[Result "1/2-1/2"]
[WhiteTitle "FM"]
[BlackTitle "GM"]
[WhiteElo "2387"]
[BlackElo "2561"]
[Board "4"]
[WhiteCountry "ESP"]
[WhiteFideId "2208954"]
[WhiteEloChange "5"]
[BlackCountry "ESP"]
[BlackFideId "2226332"]
[BlackEloChange "-2"]

1. e4 Nc6 2. Nf3 d6 3. Nc3 Nf6 4. d4 g6 5. h3 Bg7 6. Be3 O-O 7. Be2 e5 8.
O-O exd4 9. Nxd4 Re8 10. Nxc6 bxc6 11. Bf3 Nd7 12. Qd2 Ba6 13. Rfd1 Rb8 14.
Rab1 Nb6 15. b3 Bb7 16. a4 a6 17. a5 Nd7 18. b4 Qe7 19. Rb3 h5 20. Be2 Nf6
21. Bd3 Nd7 22. Bg5 Bf6 23. Be3 Bg7 24. Bg5 Bf6 25. Be3 Bg7 1/2-1/2

[Event "Spanish Championship"]
[Site "Las Palmas Gran Canaria"]
[Date "2017.10.01"]
[Round "3"]
[White "Korneev, Oleg"]
[Black "Teran Alvarez, Ismael"]
[Result "1/2-1/2"]
[WhiteTitle "GM"]
[BlackTitle "IM"]
[WhiteElo "2550"]
[BlackElo "2384"]
[Board "5"]
[WhiteCountry "ESP"]
[WhiteFideId "4156803"]
[WhiteEloChange "-2"]
[BlackCountry "ESP"]
[BlackFideId "2204177"]
[BlackEloChange "4"]

1. d4 Nf6 2. Bf4 g6 3. Nf3 Bg7 4. e3 O-O 5. Be2 c5 6. c3 b6 7. O-O Bb7 8.
Nbd2 d6 9. h3 Nbd7 10. Bh2 a6 11. a4 Ra7 12. b4 Qa8 13. Qb3 Ne4 14. Nxe4
Bxe4 15. Rfc1 Qb7 16. Qd1 a5 17. bxc5 bxc5 18. Qf1 Qa8 19. Nd2 Bc6 20. Rcb1
Rb8 21. Bf3 Bxf3 22. Nxf3 cxd4 23. Rxb8+ Qxb8 24. cxd4 Rb7 25. Bg3 Rb4 26.
Qa6 Nc5 27. Qc6 Rb6 28. Qd5 Qb7 29. Qxb7 Rxb7 30. Nd2 f5 31. Ra3 Ne4 32.
Nc4 g5 33. Nxa5 Rb1+ 34. Kh2 Nd2 35. Nc6 Nf1+ 36. Kg1 Nxg3+ 37. Kh2 Nf1+
38. Kg1 Nxe3+ 39. Kh2 Nf1+ 40. Kg1 f4 41. g4 fxg3 42. fxg3 Nxg3+ 43. Kg2
Nf5 44. a5 Rb2+ 45. Kf1 Nxd4 46. Nxe7+ Kf7 47. a6 Rb1+ 48. Kg2 Rb2+ 49. Kf1
Nb5 50. a7 Nxa7 51. Rxa7 Bd4 52. Rc7 Be5 53. Nc6+ Kg6 54. Ne7+ Kh5 55. Nf5
h6 56. Rd7 Kg6 57. Nxd6 Rb3 58. h4 g4 59. Nc4 Bf4 60. Rd4 Rf3+ 61. Kg2 Kh5
62. Nd6 Kxh4 63. Nf5+ Kg5 64. Rd5 Kf6 65. Nh4 Rg3+ 66. Kf2 Ke6 67. Rf5 Bd6
68. Rh5 Bf4 69. Rxh6+ Bxh6 70. Kxg3 Bc1 71. Kg2 1/2-1/2

[Event "Spanish Championship"]
[Site "Las Palmas Gran Canaria"]
[Date "2017.10.01"]
[Round "3"]
[White "Montero Melendez, Rafael"]
[Black "Forcen Esteban, Daniel"]
[Result "0-1"]
[WhiteTitle "FM"]
[BlackTitle "GM"]
[WhiteElo "2376"]
[BlackElo "2528"]
[Board "6"]
[WhiteCountry "ESP"]
[WhiteFideId "2221772"]
[WhiteEloChange "-6"]
[BlackCountry "ESP"]
[BlackFideId "2288230"]
[BlackEloChange "3"]

1. c4 Nf6 2. g3 e6 3. Bg2 d5 4. Nf3 Be7 5. O-O O-O 6. b3 b6 7. Bb2 Bb7 8.
e3 c5 9. Nc3 dxc4 10. bxc4 Nc6 11. Qe2 Qc7 12. Rfd1 a6 13. Rab1 Na5 14. d3
Bc6 15. Ba1 Rab8 16. a4 Rfd8 17. h4 Nd7 18. Ne1 Ne5 19. f4 Bxg2 20. Kxg2
Nec6 21. Nf3 Nb4 22. g4 f6 23. g5 Qc6 24. Kg3 Qe8 25. Ne4 f5 26. Qb2 Qf7
27. Nf2 Bf8 28. h5 Qxh5 29. Rh1 Qe8 30. Ne5 Nac6 31. Rh2 Nxe5 32. Qxe5 Rb7
33. Rbh1 Nc6 34. Qc3 Qg6 35. Kf3 e5 36. fxe5 Re7 37. Qd2 Nxe5+ 38. Bxe5
Rxe5 39. Nh3 Qh5+ 40. Kf2 Qh4+ 41. Kf3 Rde8 42. Nf2 Qxg5 43. Nd1 h6 44. Rg2
Qf6 45. a5 bxa5 46. Qxa5 Qc6+ 47. Kf2 Be7 48. Rh3 Bg5 49. Rgg3 f4 50. Rf3
fxe3+ 51. Ke2 Rf5 52. Nc3 Rb8 53. Qa1 Qb7 54. Na4 Rxf3 55. Rxf3 Qb3 56. Nc3
Qc2+ 57. Kf1 Rb2 0-1

[Event "Spanish Championship"]
[Site "Las Palmas Gran Canaria"]
[Date "2017.10.01"]
[Round "3"]
[White "Del Rio De Angelis, Salvador G."]
[Black "Tejedor Fuente, Enrique"]
[Result "1/2-1/2"]
[WhiteTitle "GM"]
[BlackTitle "FM"]
[WhiteElo "2524"]
[BlackElo "2368"]
[Board "7"]
[WhiteCountry "ESP"]
[WhiteFideId "2203138"]
[WhiteEloChange "-2"]
[BlackCountry "ESP"]
[BlackFideId "2299100"]
[BlackEloChange "4"]
[WhiteClock "00:08:42"]
[BlackClock "00:00:59"]

1. d4 Nf6 2. c4 e6 3. Nc3 Bb4 4. e3 O-O 5. Bd3 d5 6. a3 Bxc3+ 7. bxc3 c5 8.
cxd5 Qxd5 9. Nf3 cxd4 10. c4 Qh5 11. exd4 Nc6 12. O-O b6 13. Re1 Rd8 14.
Bb2 Bb7 15. h3 Ne7 16. Be2 Ng6 17. Qd2 Ne4 18. Qe3 Qa5 19. Bd3 Nd6 20. d5
exd5 21. Qd4 f6 22. Bxg6 hxg6 23. Qg4 d4 24. Nxd4 Qg5 25. Qxg5 fxg5 26. Re6
Nxc4 27. Bc3 Rd7 28. Rxg6 Re8 29. Rxg5 Nd6 30. Rg4 Re4 31. Rxe4 Nxe4 32.
Bb2 Nc5 33. Nf5 Be4 34. Ng3 Bg6 35. Nf1 Nd3 36. Bc3 Rc7 37. Bd4 Rc4 38. Be3
Ra4 39. Bd2 b5 40. Rb1 a6 41. Rb3 Nc5 42. Rc3 Ne4 43. Rc8+ Kh7 44. Bc1 b4
45. axb4 Rxb4 46. Nd2 Bf5 47. Rc4 a5 48. Rxb4 axb4 49. Nxe4 Bxe4 50. Kh2
Kg6 51. Bb2 Kh6 52. g4 g5 53. Kg3 Kg6 54. f4 gxf4+ 55. Kxf4 Bd3 56. h4 Be2
57. h5+ Kh6 58. Kg3 Bc4 59. Kh4 Bf7 60. g5+ Kh7 1/2-1/2

[Event "Spanish Championship"]
[Site "Las Palmas Gran Canaria"]
[Date "2017.10.01"]
[Round "3"]
[White "Sanchez Aller, Fernando"]
[Black "Santos Latasa, Jaime"]
[Result "0-1"]
[WhiteTitle "FM"]
[BlackTitle "IM"]
[WhiteElo "2341"]
[BlackElo "2523"]
[Board "8"]
[WhiteCountry "ESP"]
[WhiteFideId "2222892"]
[WhiteEloChange "-5"]
[BlackCountry "ESP"]
[BlackFideId "2293307"]
[BlackEloChange "3"]

1. e4 c5 2. Nf3 d6 3. d4 cxd4 4. Nxd4 Nf6 5. Nc3 a6 6. Be3 e6 7. g4 e5 8.
Nf5 h5 9. Bg5 hxg4 10. Qd2 g6 11. Ne3 Be7 12. Be2 Nc6 13. O-O-O Nd4 14.
Bxf6 Bxf6 15. Ncd5 Bg5 16. c3 Nf3 17. Bxf3 gxf3 18. Kb1 Kf8 19. Qd3 Rh4 20.
Nc4 Rxe4 21. Qxe4 Bf5 22. Qxf5 gxf5 23. Ncb6 Bh4 24. Rhf1 Rc8 25. Nxc8 Qxc8
26. b3 f4 27. h3 b5 28. Kb2 Qxh3 29. Nb4 a5 30. Nc2 Qg2 31. Rg1 Bxf2 0-1

[Event "Spanish Championship"]
[Site "Las Palmas Gran Canaria"]
[Date "2017.10.01"]
[Round "3"]
[White "Asis Gargatagli, Hipolito"]
[Black "Bernabeu Lopez, Carlos Javier"]
[Result "1/2-1/2"]
[WhiteTitle "IM"]
[BlackTitle "FM"]
[WhiteElo "2519"]
[BlackElo "2335"]
[Board "9"]
[WhiteCountry "ESP"]
[WhiteFideId "2260735"]
[WhiteEloChange "-2"]
[BlackCountry "ESP"]
[BlackFideId "2235366"]
[BlackEloChange "5"]

1. e4 c5 2. Nf3 d6 3. d4 cxd4 4. Nxd4 Nf6 5. Nc3 a6 6. f3 e5 7. Nb3 Be6 8.
Be3 Nbd7 9. Qd2 Qc7 10. g4 Nb6 11. g5 Nh5 12. O-O-O Rc8 13. Kb1 Be7 14. Rg1
O-O 15. Qf2 Nc4 16. Bxc4 Bxc4 17. Nd5 Bxd5 18. Rxd5 g6 19. Rd3 f5 20. gxf6
Nxf6 21. Qg2 Nh5 22. Nc1 Rf7 23. Rc3 Qd7 24. Ne2 Rcf8 25. Bh6 Re8 26. Rd3
Qe6 27. Bc1 Rc8 28. Nc3 Rc6 29. Nd5 Qc8 30. Rgd1 Bf8 31. Bg5 Qe6 32. Rg1
Rc8 33. h4 Rc6 34. Qe2 Rc8 35. Bc1 Rc6 36. Qh2 Rc8 37. Bd2 Rc6 38. Bb4 Rc8
39. Rgd1 Rc6 40. a3 Kh8 41. Bc3 Kg8 42. Bb4 Kh8 43. Bc3 Kg8 44. Bb4 1/2-1/2

[Event "Spanish Championship"]
[Site "Las Palmas Gran Canaria"]
[Date "2017.10.01"]
[Round "3"]
[White "Alshameary Puente, Ismael"]
[Black "Arizmendi Martinez, Julen Luis"]
[Result "1-0"]
[WhiteTitle "FM"]
[BlackTitle "GM"]
[WhiteElo "2333"]
[BlackElo "2513"]
[Board "10"]
[WhiteCountry "ESP"]
[WhiteFideId "2225166"]
[WhiteEloChange "15"]
[BlackCountry "ESP"]
[BlackFideId "2205092"]
[BlackEloChange "-7"]

1. d4 d5 2. c4 e6 3. Nc3 a6 4. cxd5 exd5 5. Nf3 Nf6 6. Bg5 Be6 7. e3 Nbd7
8. Bd3 h6 9. Bh4 Bd6 10. O-O O-O 11. e4 dxe4 12. Bxe4 Qb8 13. Bc2 c6 14.
Re1 Re8 15. Qd3 g6 16. Rxe6 Rxe6 17. Bb3 Qe8 18. Bxe6 Qxe6 19. Re1 Qg4 20.
h3 Qh5 21. Bxf6 Nxf6 22. Ne5 Re8 23. f4 Qf5 24. Qxf5 gxf5 25. Kf2 Rd8 26.
g3 Bb4 27. Ke3 Kf8 28. Rc1 Ba5 29. Nf3 Re8+ 30. Ne5 Nh5 31. Kf3 Rd8 32. Rd1
Nf6 33. Nc4 Bxc3 34. bxc3 Nd5 35. Rd3 Re8 36. Nd6 Re1 37. c4 Nb4 38. Rd2 b5
39. a3 a5 40. axb4 axb4 41. cxb5 1-0

[Event "Spanish Championship"]
[Site "Las Palmas Gran Canaria"]
[Date "2017.10.01"]
[Round "3"]
[White "Alvarez Fernandez, Enrique"]
[Black "Suarez Gomez, Julio"]
[Result "0-1"]
[WhiteTitle "FM"]
[BlackTitle "FM"]
[WhiteElo "2314"]
[BlackElo "2485"]
[Board "11"]
[WhiteCountry "ESP"]
[WhiteFideId "2227398"]
[WhiteEloChange "-5"]
[BlackCountry "ESP"]
[BlackFideId "22275991"]
[BlackEloChange "3"]

1. d4 d5 2. c4 e6 3. Nc3 Nf6 4. cxd5 exd5 5. Bg5 c6 6. e3 Be7 7. Bd3 Nbd7
8. Nf3 O-O 9. O-O Re8 10. Qc2 Nf8 11. h3 g6 12. Bxf6 Bxf6 13. b4 Be6 14.
Rab1 Rc8 15. a4 Nd7 16. Rfc1 Bg7 17. Ne2 Bh6 18. Nd2 Qh4 19. Nf3 Qf6 20.
Nd2 a6 21. Re1 Nb6 22. a5 Nd7 23. Nc3 Rcd8 24. Na4 Bf8 25. Nc5 Nxc5 26.
bxc5 Bc8 27. f4 Rd7 28. Nf3 Qd8 29. Qd2 Be7 30. Re2 Bh4 31. Kh2 Rc7 32. Rf1
Be7 33. Rb1 Bf8 34. Kg1 f6 35. Kf2 Rg7 36. g4 Qc7 37. Rg1 Be7 38. Ra1 Bd8
39. Qc2 Qf7 40. Qd2 Qf8 41. Rg1 Bc7 42. Rh1 Ree7 43. Rg1 Qd8 44. Ra1 g5 45.
f5 Qe8 46. Ree1 h5 47. Bf1 Rh7 48. Bg2 hxg4 49. hxg4 Re4 50. Ne5 Rh2 51.
Rh1 Rxg2+ 52. Kxg2 fxe5 53. Rh3 Rxg4+ 54. Kf2 Bxf5 55. Rah1 Qf7 56. Ke1
exd4 57. Qf2 Qe6 58. Rh8+ Kg7 0-1

[Event "Spanish Championship"]
[Site "Las Palmas Gran Canaria"]
[Date "2017.10.01"]
[Round "3"]
[White "Cuenca Jimenez, Jose Fernando"]
[Black "Herrera Reyes, Jose Antonio"]
[Result "1-0"]
[WhiteTitle "GM"]
[BlackTitle "FM"]
[WhiteElo "2490"]
[BlackElo "2323"]
[Board "12"]
[WhiteCountry "ESP"]
[WhiteFideId "2255570"]
[WhiteEloChange "3"]
[BlackCountry "ESP"]
[BlackFideId "2274914"]
[BlackEloChange "-6"]

1. d4 Nf6 2. c4 c5 3. d5 b5 4. cxb5 a6 5. bxa6 g6 6. Nc3 Bg7 7. e4 O-O 8.
a7 Rxa7 9. Nf3 Qa5 10. Bd2 Qb6 11. Bc4 d6 12. O-O Nbd7 13. h3 Ba6 14. b3
Qb7 15. Qe2 Nb6 16. Rab1 Nfd7 17. a4 Bxc4 18. bxc4 Qa8 19. Qd3 Rc8 20. Rfe1
Nxa4 21. Nb5 Ra6 22. Bf4 f6 23. h4 Nab6 24. h5 g5 25. Bg3 Ra4 26. Nd2 Rb4
27. Ra1 Qb8 28. Na7 Rf8 29. Nc6 Qe8 30. h6 Bxh6 31. Nxb4 cxb4 32. Qb3 Nc5
33. Qxb4 Nbd7 34. Ra3 Qg6 35. Qb1 Ne5 36. Bxe5 fxe5 37. Rf3 Rc8 38. g4 Nd7
39. Qb7 Qe8 40. Ra3 Nf6 41. Rea1 Bf8 42. Ra8 Rxa8 43. Rxa8 Qf7 44. Qc8 Kg7
45. Qf5 h5 46. Qxg5+ Kh7 47. Qf5+ 1-0

[Event "Spanish Championship"]
[Site "Las Palmas Gran Canaria"]
[Date "2017.10.01"]
[Round "3"]
[White "Camino Carrio, Nicanor"]
[Black "Castellanos Rodriguez, Renier"]
[Result "0-1"]
[BlackTitle "IM"]
[WhiteElo "1973"]
[BlackElo "2481"]
[Board "13"]
[WhiteCountry "ESP"]
[WhiteFideId "2212463"]
[WhiteEloChange "-2"]
[BlackCountry "ESP"]
[BlackFideId "3404650"]
[BlackEloChange "1"]

1. e4 c5 2. Nf3 e6 3. d4 cxd4 4. Nxd4 a6 5. Nc3 Qc7 6. Bd3 Nf6 7. O-O d6 8.
Kh1 Nbd7 9. f4 Be7 10. f5 e5 11. Ne6 fxe6 12. fxe6 Nb6 13. Nd5 Nbxd5 14.
exd5 O-O 15. Bg5 b5 16. c4 e4 17. Bxf6 Bxf6 18. Bxe4 bxc4 19. Rc1 a5 20.
Rc3 g6 21. Rcf3 Qe7 22. h4 Ba6 23. h5 Be5 24. g3 Bxg3 25. Kg2 Qh4 0-1

[Event "Spanish Championship"]
[Site "Las Palmas Gran Canaria"]
[Date "2017.10.01"]
[Round "3"]
[White "Suarez Garcia, Carlos"]
[Black "Collado Barbas, Laura"]
[Result "1-0"]
[WhiteTitle "IM"]
[BlackTitle "WFM"]
[WhiteElo "2463"]
[BlackElo "2097"]
[Board "14"]
[WhiteCountry "ESP"]
[WhiteFideId "22230858"]
[WhiteEloChange "1"]
[BlackCountry "ESP"]
[BlackFideId "2294907"]
[BlackEloChange "-2"]

1. c4 e6 2. d4 d5 3. Nf3 c6 4. Qc2 dxc4 5. Qxc4 Nf6 6. Bg5 b5 7. Qc2 Bb7 8.
e4 Be7 9. Bd3 a6 10. Nbd2 Nbd7 11. a3 c5 12. e5 c4 13. Be2 Nd5 14. Ne4 Qa5+
15. Bd2 Qb6 16. O-O h6 17. Ng3 g5 18. h3 Nf8 19. Ne4 Ng6 20. g3 Qc6 21.
Rfe1 Ne3 22. fxe3 Qxe4 23. Qxe4 Bxe4 24. Ba5 Bd8 25. Bxd8 Rxd8 26. a4 O-O
27. axb5 axb5 28. Ra5 Rb8 29. Nd2 Bc6 30. Ra7 Ra8 31. Rc7 Rac8 32. Rxc8
Rxc8 33. Ra1 Rd8 34. Bf3 Bxf3 35. Nxf3 Ne7 36. Ra7 Nd5 37. Kf2 Rc8 38. e4
Nb4 39. Rb7 Nd3+ 40. Ke2 Nxb2 41. Ne1 Na4 42. Kd2 Rd8 43. Ke3 Nc3 44. Nc2
Ra8 45. d5 exd5 46. exd5 Nxd5+ 47. Ke4 Nc3+ 48. Kf5 Re8 49. Nd4 b4 50. Rxb4
Nd5 51. Rb5 Ne3+ 52. Ke4 Nd1 53. Rc5 Nf2+ 54. Kf5 Nd3 55. Rd5 c3 56. Nc2
Nf2 57. Rc5 Nd3 58. Rd5 Nf2 59. h4 gxh4 60. gxh4 Kg7 61. Rd7 h5 62. Nd4 Ng4
63. e6 Ne3+ 64. Ke4 c2 65. Rxf7+ Kg8 66. Rc7 Ng4 67. Rxc2 Kg7 68. Rc5 Nf6+
69. Kf5 Re7 70. Rc8 Ne8 71. Ke5 Kf8 72. Nb5 Kg7 73. Nd6 1-0

[Event "Spanish Championship"]
[Site "Las Palmas Gran Canaria"]
[Date "2017.10.01"]
[Round "3"]
[White "Narciso Dublan, Marc"]
[Black "Rodriguez Melian, Jose Luis"]
[Result "1-0"]
[WhiteTitle "GM"]
[WhiteElo "2459"]
[BlackElo "2033"]
[Board "15"]
[WhiteCountry "ESP"]
[WhiteFideId "2201500"]
[WhiteEloChange "1"]
[BlackCountry "ESP"]
[BlackFideId "2219050"]
[BlackEloChange "-2"]

1. d4 Nf6 2. c4 g6 3. f3 d5 4. cxd5 Nxd5 5. e4 Nb6 6. Nc3 Bg7 7. Be3 O-O 8.
Qd2 e5 9. d5 c6 10. Rd1 cxd5 11. exd5 N8d7 12. Nh3 Nf6 13. Nf2 Bd7 14. Be2
Rc8 15. O-O a6 16. Nfe4 Nxe4 17. Nxe4 f5 18. Nc5 f4 19. Bf2 Qg5 20. Ne6
Bxe6 21. dxe6 Rc6 22. Qb4 Rfc8 23. e7 Qf6 24. Bxb6 Rxb6 25. Qc4+ 1-0

[Event "Spanish Championship"]
[Site "Las Palmas Gran Canaria"]
[Date "2017.10.01"]
[Round "3"]
[White "Alcoba, Pablo Alejandro"]
[Black "Perez Candelario, Manuel"]
[Result "0-1"]
[BlackTitle "GM"]
[WhiteElo "2131"]
[BlackElo "2591"]
[Board "16"]
[WhiteCountry "ESP"]
[WhiteFideId "32001304"]
[WhiteEloChange "-2"]
[BlackCountry "ESP"]
[BlackFideId "2210622"]
[BlackEloChange "1"]

1. e4 g6 2. d4 Bg7 3. Be3 c6 4. Nc3 Qb6 5. Na4 Qa5+ 6. c3 d6 7. b4 Qc7 8.
b5 Nf6 9. f3 O-O 10. Rb1 cxb5 11. Rxb5 Bd7 12. Rb1 Qa5 13. Nb2 Qxc3+ 14.
Kf2 Qa5 15. Nc4 Qc7 16. Qb3 b5 17. Na3 a6 18. Bd3 Nc6 19. Ne2 e5 20. d5 Nd4
21. Qb2 Nxe2 22. Bxe2 Nh5 23. Rhc1 Qd8 24. Qb4 Nf4 25. Bf1 f5 26. Qxd6 fxe4
27. Rc7 Rf7 28. g3 Nd3+ 29. Bxd3 exd3 30. Nc4 bxc4 31. Rbb7 Be8 32. Qe6 Qf6
0-1

[Event "Spanish Championship"]
[Site "Las Palmas Gran Canaria"]
[Date "2017.10.01"]
[Round "3"]
[White "Santos Ruiz, Miguel"]
[Black "Brito Garcia, Alfredo"]
[Result "1-0"]
[WhiteTitle "IM"]
[BlackTitle "IM"]
[WhiteElo "2505"]
[BlackElo "2351"]
[Board "17"]
[WhiteCountry "ESP"]
[WhiteFideId "22291482"]
[WhiteEloChange "3"]
[BlackCountry "ESP"]
[BlackFideId "2200520"]
[BlackEloChange "-6"]

1. c4 Nf6 2. Nc3 g6 3. g3 Bg7 4. Bg2 O-O 5. d4 d6 6. Nf3 a6 7. O-O c6 8. e4
b5 9. e5 Ne8 10. Qe2 bxc4 11. Qxc4 a5 12. Re1 d5 13. Qb3 Na6 14. Na4 Nec7
15. Be3 Bf5 16. Rec1 Rb8 17. Qc3 Rb4 18. b3 Qb8 19. Qxc6 Bd3 20. Bd2 Bb5
21. Qc2 Bxa4 22. Bxb4 axb4 23. bxa4 Bh6 24. Rcb1 Ne6 25. Qd3 Qa7 26. Bf1
Nb8 27. Rxb4 Nc6 28. Rb5 Qxa4 29. Rxd5 Nb4 30. Qc4 Qa3 31. Rb5 1-0

[Event "Spanish Championship"]
[Site "Las Palmas Gran Canaria"]
[Date "2017.10.01"]
[Round "3"]
[White "Cruz Pino, Adrian"]
[Black "Moreno Ruiz, Javier"]
[Result "1/2-1/2"]
[BlackTitle "IM"]
[WhiteElo "2115"]
[BlackElo "2464"]
[Board "18"]
[WhiteCountry "ESP"]
[WhiteFideId "32004389"]
[WhiteEloChange "8"]
[BlackCountry "ESP"]
[BlackFideId "2203146"]
[BlackEloChange "-4"]

1. d4 Nf6 2. Nf3 d5 3. Bf4 c5 4. c3 Qb6 5. Qb3 Nc6 6. e3 c4 7. Qc2 Bf5 8.
Qc1 h6 9. h3 e6 10. Be2 Be7 11. O-O O-O 12. Nbd2 Rfc8 13. Kh1 Qd8 14. Ne5
b5 15. Nxc6 Rxc6 16. a3 a5 17. Re1 b4 18. Bf3 bxa3 19. bxa3 Bd3 20. e4 Rb6
21. a4 Ra7 22. e5 Nh7 23. Nb1 Ng5 24. Be2 Ne4 25. Qe3 Rb2 26. f3 Bh4 27.
fxe4 Bxe1 28. Bxd3 cxd3 29. Qxe1 Re2 30. Qg3 dxe4 31. Bxh6 f5 32. Nd2 Rb7
33. Nc4 Qd7 34. Nd6 Rbb2 35. Rg1 Kh7 36. Bxg7 Qxg7 37. Qh4+ Qh6 38. Qe7+
Qg7 39. Qh4+ Qh6 40. Qe7+ Kg6 1/2-1/2